| 000 | 00833cam a2200277 i 4500 | ||
|---|---|---|---|
| 999 |
_c2323 _d2323 |
||
| 003 | OSt | ||
| 005 | 20210708080130.0 | ||
| 008 | 801126s1981 mouaf b 001 0 eng | ||
| 020 | _a0801630738 | ||
| 040 | _cDLC | ||
| 050 | 0 | 0 |
_aRT48 _b.H4 1981 |
| 060 | _aWB 205 H434 | ||
| 245 | 0 | 0 |
_aHealth assessment / _cLois Malasanos ... [et al.]. |
| 250 | _a2d ed. | ||
| 260 |
_aSt. Louis : _bMosby, _c1981. |
||
| 300 |
_ax, 723 p., [4] leaves of plates : _bill. (some col.) ; _c29 cm. |
||
| 504 | _aIncludes bibliographies and index. | ||
| 650 | 0 | _aNursing assessment. | |
| 650 | 0 | _aMedical history taking. | |
| 650 | 0 | _aPhysical diagnosis. | |
| 650 | 2 | _aMedical history taking. | |
| 650 | 2 | _aPhysical examination. | |
| 700 | 1 |
_aMalasanos, Lois, _d1928- |
|
| 906 |
_a7 _bcbc _corignew _du _eocip _f19 _gy-gencatlg |
||
| 942 |
_2lcc _cBK _nSO |
||